000 00681nam a2200241 i 4500
001 C2-0106396
003 PPAK
005 20180727101945.0
008 970615s1994 io |||| ||||| | may d
020 _a9795118390
040 _aPPAK
_beng
_cPPAK
_erda
082 0 4 _a616.12
_223
090 0 0 _a616.12
_bBAR
_dG
100 1 _aBaraas, Faisal,
_eauthor
245 1 0 _aMencegah serangan jantung dengan menekan kolesterol
264 1 _aJakarta, Indonesia :
_bPT Gramedia Pustaka Utama ,
_c1994
300 _axv, 186 pages ;
_c21 cm
336 _2rdacontent
_atext
337 _2rdamedia
_aunmediated
338 _2rdacarrier
_avolume
650 1 0 _aHeart - Oisease
942 _ddc
_cB
999 _c26024
_d26024